Electromagnetic band gap structures in antenna engineering / (Record no. 17905)
[ view plain ]
| 000 -LEADER | |
|---|---|
| fixed length control field | 01258cam a2200325 a 4500 |
| 001 - CONTROL NUMBER | |
| control field | 15397587 |
| 005 - DATE AND TIME OF LATEST TRANSACTION | |
| control field | 20140109141118.0 |
| 008 - FIXED-LENGTH DATA ELEMENTS--GENERAL INFORMATION | |
| fixed length control field | 080805s2009 xxka frb f001 0 eng |
| 010 ## - LIBRARY OF CONGRESS CONTROL NUMBER | |
| LC control number | 2008031949 |
| 020 ## - INTERNATIONAL STANDARD BOOK NUMBER | |
| International Standard Book Number | 9780521889919 (hbk. : alk. paper) |
| 020 ## - INTERNATIONAL STANDARD BOOK NUMBER | |
| International Standard Book Number | 052188991X (hbk. : alk. paper) |
| 040 ## - CATALOGING SOURCE | |
| Original cataloging agency | DLC |
| Transcribing agency | DLC |
| Modifying agency | BAKER |
| -- | YDXCP |
| -- | BWKUK |
| -- | BWK |
| -- | BWX |
| -- | CDX |
| -- | DLC |
| 082 04 - DEWEY DECIMAL CLASSIFICATION NUMBER | |
| Classification number | 621.3824 |
| Edition number | 22 |
| Item number | YAN |
| 100 1# - MAIN ENTRY--PERSONAL NAME | |
| Personal name | Yang, Fan, |
| Dates associated with a name | 1975- |
| 9 (RLIN) | 34793 |
| 245 10 - TITLE STATEMENT | |
| Title | Electromagnetic band gap structures in antenna engineering / |
| Statement of responsibility, etc | Fan Yang, Yahya Rahmat-Samii. |
| 250 ## - EDITION STATEMENT | |
| Edition statement | 1st ed. |
| 260 ## - PUBLICATION, DISTRIBUTION, ETC. (IMPRINT) | |
| Place of publication, distribution, etc | Cambridge, United Kingdom : |
| Name of publisher, distributor, etc | Cambridge University Press, |
| Date of publication, distribution, etc | 2009 |
| Place of manufacture | (Milton Keynes, United Kingdom : |
| Manufacturer | Lightning Source) |
| 300 ## - PHYSICAL DESCRIPTION | |
| Extent | xiii, 266 p. : |
| Other physical details | ill. ; |
| Dimensions | 26 cm. |
| 490 1# - Series Statement | |
| Series statement | The Cambridge RF and microwave engineering series |
| 500 ## - GENERAL NOTE | |
| General note | Include appendix.<br/> |
| 500 ## - GENERAL NOTE | |
| General note | Index : p. 261-266. |
| 504 ## - BIBLIOGRAPHY, ETC. NOTE | |
| Bibliography, etc | Bibliography : p. 244-260. |
| 650 #0 - SUBJECT ADDED ENTRY--TOPICAL TERM | |
| Topical term or geographic name as entry element | Antennas (Electronics) |
| General subdivision | Design and construction. |
| 9 (RLIN) | 33213 |
| 650 #0 - SUBJECT ADDED ENTRY--TOPICAL TERM | |
| Topical term or geographic name as entry element | Wide gap semiconductors. |
| 9 (RLIN) | 16974 |
| 653 ## - INDEX TERM--UNCONTROLLED | |
| Resource For college | |
| Arrived date list | January2014 |
| 655 ## - INDEX TERM--GENRE/FORM | |
| Form subdivision | |
| -- | 34232 |
| 700 1# - ADDED ENTRY--PERSONAL NAME | |
| Personal name | Rahmat-Samii, Yahya. |
| 9 (RLIN) | 34794 |
| 830 #4 - SERIES ADDED ENTRY--UNIFORM TITLE | |
| Uniform title | The Cambridge RF and microwave engineering series |
| 9 (RLIN) | 34792 |
| 942 ## - ADDED ENTRY ELEMENTS (KOHA) | |
| Source of classification or shelving scheme | Dewey Decimal Classification |
| Item type | Book - Borrowing |
| Call number prefix | 621.3824 YAN |
| Withdrawn status | Item status | Source of classification or shelving scheme | Damaged status | Not for loan | Vendor | Home library | Current library | Shelving location | Date acquired | Source of acquisition | Total Checkouts | Full call number | Barcode | Date last seen | Date last borrowed | Koha item type |
|---|---|---|---|---|---|---|---|---|---|---|---|---|---|---|---|---|
| Dewey Decimal Classification | Baccah | Central Library | Central Library | First floor | 09/01/2014 | 1 | 621.3824 YAN | 000035306 | 15/07/2025 | 09/01/2014 | Book - Borrowing |